000 01850nam0a2200409 4500
001 RU\NLR\bibl\1852781
005 20260408203906.0
010 _a978-5-02-037498-0
021 _aRU
_b2011-98467
_97053
035 _a(NLR Aleph) 001842722
090 _a2294447
_c2294447
100 _a20111226d2011 |||y0rusy50 ca
101 0 _arus
_deng
102 _aRU
105 _aa |||||||||
200 1 _aЭнергетика и геополитика
_dEnergy and geopolitics
_f[В.А. Баринов, Б. Биго, Е.В. Благов и др.]
_gпод ред. В.В. Костюка и А.А. Макарова
_g[Рос. акад. наук]
_zeng
210 _aМосква
_cНаука
_d2011
215 _aIV, 395, [2] с.
_cил., цв. ил., карт.
_d25
300 _aАвт. указаны на обороте тит.л.
300 _aРез. на англ. яз.
320 _aБиблиогр. в подстроч. примеч.
510 0 _aEnergy and geopolitics
_zeng
606 1 _aТопливно-энергетические ресурсы
_xРынки
_92624730
_3RU\NLR\auth\661561290
606 _aЭнергетическая политика
_3RU\NLR\auth\661553420
_92616860
686 _aУ5-554.08
701 1 _aБаринов
_bВ. А.
_gВалентин Александрович
_4070
701 1 _aБиго
_bБ.
_4070
701 1 _4070
_8rus
_7ca
_aБлагов
_bЕ. В.
_cд-р физ.-мат. наук
_gЕвгений Владимирович
_3RU\NLR\auth\77108823
_991748
702 1 _aКостюк
_bВ. В.
_4340
712 0 2 _4570
_aРоссийская академия наук
_3RU\NLR\AUTH\881057
_9272489
801 0 _aRU
_bNLR
_c20111226
_gRCR
801 1 _aRU
_bNLR
_c20111226
830 _aпо эк
942 _cBOOK
980 _aNB
980 _aNBR